Quizzes
Events
Quiz Creation
Community
Videos
Private Events
Remove Ads
Sign In
Join for FREE
Feedback
Dark Mode
Quiz Categories
Sports
Geography
Music
Movies
Television
Just For Fun
Miscellaneous
History
Literature
Language
Science
Gaming
Entertainment
Religion
Holiday
For Kids
Quiz Lab
Recent
Popular Today
Quiz Kudos Today
Editor Picks
Curator Picks
Quizzes by...
Day
Popularity
Type
Ratings
Length
Year
Community
Subscriptions
Recent Discussions
Orange Saloon
Badges
Playlists
Quests
Create
Leaderboards
Showdown
Live 5
Trivia Bingo
Activity
Puzzle Library
Sporcle Events
Private Events
Virtual Trivia
Globe League
Become a Host
Pub Owners
SporcleCon
Opinionation
Our Games
Videos
Blog
Mobile Apps
Partnerships
Remove Ads and Go Orange
Feedback
History
US Presidents
World Leaders
Politics
Nation
Discovery
War
Decade
Year
Century
Biography
Art
History
US Presidents
World Leaders
Politics
Nation
Discovery
War
Decade
Year
Century
Biography
Art
Random Quiz
Search Sporcle
×
Quiz Lab
Quiz Lab
History
Year
Type in answers that appear in a list
Type in answers that appear in a list
Classic
Best Score? Go Orange.
2011 in Germany Stats
Can you name the answers reffering to these events of 2011 in Germany?
By
guntha
11m
35 Questions
34 Plays
34 Plays
34 Plays
Comments
Comments
Give Quiz Kudos
Give Quiz Kudos
-
- Ratings
hide this ad
More Info
Forced Order
Answers have to be entered in order
Answers have to be entered in order
Replay
Link that replays current quiz
Next Quiz
Link to next quiz in quiz playlist
You Got
0%
They Got
Avg Score
34%
Avg Friend Score
Upgrade to see
Score Distribution
Jump to the score distribution portion of the page
Score
0/35
Timer
11:00
0
Plays Today
Event
Answer
% Correct
Germany, Portugal, India, Columbia and South Africa become non-
permanent members of the ...
United Nations Security Council
79.4%
After defeating 1. FC Nürnberg with 2-
0 ... becomes German football champion for the seventh time
Borussia Dortmund
70.6%
The 56th Eurovision Song Contest takes place in ...
Düsseldorf
64.7%
The Iranian movie 'Jodaeiye Nader az Simin' is awarded with the ... at the Berlin International Film Festival
Golden Bear
61.8%
The University of Bayreuth decides to deprive then-
Federal Minister of Defence ... of his doctor's degree
Karl-Theodor zu Guttenberg
61.8%
The head of the Free Democratic Party (FDP) ... announces his resignation from office
Guido Westerwelle
55.9%
In the Berlin state election the ... won fifteen seats: the first time it had won election to a parliament anywhere in Germany
Pirate Party
55.9%
The sixth FIFA Women's World Cup starts with the official opening game between Germany and Canada in ...
Berlin
52.9%
24-
year-
old biathlete and two-
time Olympic gold medalist ... announces her retirement to the end of the season
Magdalena Neuner
52.9%
FC Schalke 04 wins the ... for the fifth time after defeating MSV Duisburg with 5-
0 in Berlin
DFB-Pokal
50%
Lewis Hamilton wins the German Grand Prix on the ...
Nürburgring
47.1%
... is visiting Berlin, Erfurt and Freiburg
Pope Benedict XVI
47.1%
In a referendum in Baden-
Württemberg 58.8 percent voted against a withdrawal from the transport project called ...
Stuttgart 21
47.1%
The county court of Mannheim decides that TV presenter ... is not guilty of rape
Jörg Kachelmann
41.2%
Two United States Air Force soldiers get killed during a shooting at ...
Frankfurt am Main Airport
38.2%
The Social Democratic Party (SPD) wins an absolute majority after winning 62 seats in the ... state election
Hamburg
35.3%
The former Federal Minister of the Interior ... becomes new Federal Minister of Defence
Thomas de Maizière
35.3%
Serbian literature is in the focus of attention of this year's ...
Leipzig Book Fair
35.3%
Event
Answer
% Correct
The Landtag of Baden-
Württemberg elects ... as the first minister-
president being a member of Alliance '90/
The Greens
Winfried Kretschmann
35.3%
Because of the disarming of an 1.8 ton aircraft bomb 45.000 residents of the city of ... are being evacuated
Koblenz
29.4%
After a testing period of ten month at Hamburg Airport the Federal Minister of the Interior Hans-
Peter Friedrich decides not to use ... nationwide
full-body scanners
26.5%
Patrick Makau wins the 38th ... setting a new world record
Berlin Marathon
26.5%
Ten people are killed and 43 people are injured in a ... near Hordorf in the state of Saxony-
Anhalt
train collision
23.5%
The Federal Institute for Risk Assessment confirms that ... are the carriers for the E. coli O104:H4 bacteria causing an epidemic in Germany and Europe
bean sprouts
23.5%
The President of Germany Christian Wulff opens the ... in Koblenz
Federal Horticultural Show
17.6%
The Heidelberg University decides to deprive ... (Member of the European Parliament) of her doctor's degree
Silvana Koch-Mehrin
17.6%
The German photographer, author, industrialist and 'playboy' ... commits suicide
Gunter Sachs
14.7%
The ... reveals that the computer surveillances performed by state authorities show serious security holes
Chaos Computer Club
11.8%
Chancellor Angela Merkel and the President of Russia Dmitri Medwedew open the ... pipeline in Lubmin
Nord Stream
11.8%
The International Conference on .. starts in Bonn
Afghanistan
11.8%
Klaus Wowereit is re-
elected as the ... of Berlin
Governing Mayor
8.8%
The county court of Krefeld sentences Olaf H. to serve a life sentence in prison for murdering ten year old ... in 2010
Mirco
5.9%
Gerhard Schindler becomes new president of the ... succeeding Ernst Uhrlau
Federal Intelligence Service
5.9%
The Bundestag decides to allow ... within narrow borders
preimplantation genetic diagnosis
2.9%
The Federal Constitutional Court of Germany declares that the practice of ... is violating the Basic Law (Grundgesetz)
Preventive detention
0%
Quiz Playlist
Details
Report
Send in Message
Add To Playlist
More Info:
It's possible to give the answers in English AND German!
Classic:
Type in answers that appear in a list
Forced Order:
Answers have to be entered in order
Quiz Source
Last Updated: Feb 16, 2017
Quiz Scoreboard
CHALLENGE
Sign Up to Join the Scoreboard
Show All
Scores
Hide
Comments
May contain spoilers
Recently Published
9x9 Crossword: Cartoon Network
by jackfrog10
Miscellaneous
3m
College Basketball Coaching Resumes
by pancakes188
Sports
9m
Billboard Blitz: Fleetwood Mac
by CooCooCachoo
Music
15s
More to Explore
Quiz From the Vault
Featured Blog Post
Where Did the Easter Bunny Come From?
hide this ad
You Might Also Like...
Tags
Year Quiz
2011
Event
Germany
Today's Top Quizzes in History
Browse History
hide this ad
Today's Top Quizzes in Year
Browse Year
Top Contributed Quizzes in History
1
Popular People in 1991
2
Popular People in 1981
3
Popular People in 1951
4
Popular People in 1941
5
Popular People in 1986
6
Popular People in 1976
7
Popular People in 1921
8
5-to-1: 20th Century Images of War
9
I Am Born On March 28th
10
Popular People in 1946
Explore More
Trending Topics
Harry Potter
NBA
Anime
Crossword
Disney
Marvel
Kpop
The Office
Pokémon
WWE
NFL
Song
Puzzle
Country
Soccer
hide this ad
More By:
guntha
Quiz
Plays
Rating
Category
Featured
Created
Who Wants to Be a Millionaire? (Germany)
13,934
4.25
Miscellaneous
Dec 26, 2011
The 95 localities of Berlin
597
4.50
Geography
Dec 18, 2011
Four Hills Tournament Top-5 (2000 - today)
261
5.00
Sports
Dec 29, 2011
German TV show hosts
235
3.83
Television
Dec 20, 2011
Elliott Smith lyrics (2)
205
4.50
Music
Dec 21, 2011
Go to Creator's Profile
Score Distribution
Quiz Creator Spotlight
guntha
Follow
Send a Message
Quizzes Created
-
Created Quiz Play Count
-
More By This Creator
Popular Quizzes Today
1
Find the US States - No Outlines Minefield
2
Find the Countries of Europe - No Outlines Minefield
3
The Countries of the World
4
Find the US States
5
Risky Map Clicking: Biggest States A-Z
6
US States
7
Popular People in 1961
8
Movies - When Are They Set?
More History Quizzes
American Flag History
Editor's Pick
Trending Quizzes
Risky Map Clicking: Least Populous States A-Z
1-10 Letter G Words
1-10 Letter F Words
Risky Map Clicking: Next State Alphabetically
Adjectives in 80s TV Shows
Recently Updated
Leaping Animals
pecheneg
Reality TV Shows (A-Z)
bhenderson79
Rickey Henderson's Hall of Fame Teammates
pecheneg
Champions League XIs: Arsenal
pecheneg
Quick Pick: Celebrities in WWE's Hall of Fame
aduchscher
A-Z Keypad Blitz II
pecheneg
Multiple Oscar Actors
pecheneg
Mystery Phrase Blitz: Oscar 'Best Actors'
pecheneg
F. Scott Fitzgerald Novels
LTH
Pick 3 Villains
ddd62291
Trending Topics
Crossword
Harry Potter
Kpop
Anime
Disney
Marvel
NBA
Pokémon
WWE
Song
Soccer
The Office
Country
NFL
Puzzle
Your Account Isn't Verified!
In order to create a playlist on Sporcle, you need to verify the email address you used during registration. Go to your
Sporcle Settings
to finish the process.
Report this User
Report this user for behavior that violates our
Community Guidelines
.
Details:
Send Report
Go to the Sporcle.com Mobile Site →
Comments